000 00233nam a2200097Ia 4500
008 240331s9999 xx 000 0 und d
082 _a297
_bRAI
100 _aRai,B
245 0 _aMuslim fundamentalism in the Indian subcontinen
942 _cL
999 _c943
_d943